La poesía de Elvia María González Agudelo

Enregistré dans:
Détails bibliographiques
Auteur principal: Naranjo Naranjo, Romulo
Format: Inconnue
Publié: Colombia: Agora,
Sujets:
Tags: Ajouter un tag
Pas de tags, Soyez le premier à ajouter un tag!

MARC

LEADER 000000000a22000000004500
001 000099
100 1 |a Naranjo Naranjo, Romulo 
245 1 0 |a La poesía de Elvia María González Agudelo 
260 |a Colombia:   |b Agora, 
650 4 |a GONZALEZ AGUDELO, ELVIA MARIA 
650 4 |a POESIA 
773 0 |t Con-Textos: Revista de Semiótica Literaria 
773 0 |g 2 
773 0 |g 16 
773 0 |g 1995 
773 0 |g 127-130 
999 |c 841  |d 841